| 000 | 01156cam a22002651i 4500 | ||
|---|---|---|---|
| 003 | SA-RiAUC | ||
| 005 | 20260405133955.0 | ||
| 008 | 260402s1969 ua g 00000 ara c | ||
| 040 |
_aSA-JeALM _bara _cSA-RiAUC _erda |
||
| 050 | 4 | _b.Q23 1969 | |
| 082 | 0 | 4 |
_a226.63 _qSA-RiAUC |
| 090 |
_a226.63 _bق ا ض |
||
| 100 | 1 |
_aقاضي القضاة، عبد الجبار بن أحمد بن عبد الجبار الهمذاني ، _dتوفي 415 هجري _eمؤلف. |
|
| 245 | 1 | 0 |
_aمتشابه القرآن / _cللقاضي عبدالجبار بن احمد الهمذاني ؛ تحقيق عدنان محمد زرزور. |
| 264 | 1 |
_aالقاهرة : _bمكتبة دار التراث، _c1969 |
|
| 300 |
_a 808 صفحة ؛ _bالكتاب قسمين في مجلد واحد _c24 سم |
||
| 336 |
_aنص _btxt _2rdacontent _3كتاب |
||
| 337 |
_aبدون وسيط _bn _2rdamedia |
||
| 338 |
_aمجلد _bnc _2rdacarrier |
||
| 630 | 2 | 7 |
_aالقرآن _xالمحكم والمتشابه _2aucut |
| 700 | 1 |
_aزرزور، عدنان محمد، _d1939- _eمحقق. |
|
| 730 | 2 | 2 | _aالقرآن |
| 942 |
_2ddc _cBOOK _n0 |
||
| 949 |
_aSA-JeALM _d260402 _uosman123 _n1 |
||
| 999 |
_c14724 _d14724 |
||